[Event "Bouzakis Memorial-C"]
[Site "Chania"]
[Date "2000.08.28"]
[Round "8"]
[White "Trikaliotis, Georgios"]
[Black "Bras, Manolis"]
[Result "1/2-1/2"]
[WhiteElo "2170"]
[BlackElo "2145"]
[PlyCount "102"]
[EventDate "2000.08.20"]
[EventType "tourn"]
[EventRounds "9"]
[EventCountry "GRE"]
[SourceTitle "EXT 2004"]
[Source "ChessBase"]
[SourceDate "2003.11.25"]
[SourceVersion "1"]
[SourceVersionDate "2003.11.25"]
[SourceQuality "1"]

1. d4 d5 2. Nf3 Nf6 3. c4 c6 4. cxd5 cxd5 5. Nc3 Nc6 6. Bf4 e6 7. e3 Be7 8. Bb5 0-0 9. 0-0 Nh5 10. Bxc6 bxc6 11. Ne5 Nxf4 12. Nxc6 Nh3+ 13. gxh3 Qe8 14. Nxe7+ Qxe7 15. f4 Bd7 16. Rf2 f5 17. Rc1 Qh4 18. Qf3 Rac8 19. Rg2 Qe7 20. Kh1 Bb5 21. Rcg1 Bd3 22. Rxg7+ Qxg7 23. Rxg7+ Kxg7 24. Kg1 Rf6 25. Qd1 Be4 26. Qa4 Rc7 27. Qa3 Kh6 28. Kf1 Rg7 29. Ne2 Kh5 30. Qc3 Rff7 31. Ng3+ Kh4 32. Qc8 Re7 33. Qf8 Ref7 34. Qe8 Kxh3 35. Qxe6 Kxh2 36. Kf2 Rxg3 37. Qxf7 Rg2+ 38. Ke1 Rxb2 39. Qxa7 h5 40. a4 h4 41. a5 h3 42. a6 Kg1 43. Qg7+ Bg2 44. Qg3 Ra2 45. e4 Rxa6 46. Qe3+ Kh2 47. e5 Ra1+ 48. Kd2 Ra2+ 49. Ke1 Be4 50. Kf1 Ra1+ 51. Kf2 Ra2+ 1/2-1/2

[Event "GRE Master-ch op 1st"]
[Site "Greece"]
[Date "2000.??.??"]
[Round "5.1"]
[White "Trikaliotis, Georgios"]
[Black "Khetsuriani, Besarion"]
[Result "0-1"]
[WhiteElo "2197"]
[BlackElo "2382"]
[PlyCount "148"]
[EventDate "2000.??.??"]
[EventType "swiss"]
[EventRounds "9"]
[EventCountry "GRE"]
[SourceTitle "EXT 2004"]
[Source "ChessBase"]
[SourceDate "2003.11.25"]
[SourceVersion "1"]
[SourceVersionDate "2003.11.25"]
[SourceQuality "1"]

1. d4 d6 2. Nf3 g6 3. c4 Bg7 4. Nc3 Nf6 5. e4 0-0 6. Be2 c5 7. d5 e6 8. 0-0 exd5 9. cxd5 a6 10. a4 Re8 11. Nd2 Nbd7 12. f4 c4 13. Bf3 Nc5 14. e5 dxe5 15. fxe5 Rxe5 16. Nxc4 Re8 17. a5 Bf5 18. Nb6 Bd3 19. Be2 Nxd5 20. Nbxd5 Bxc3 21. Nxc3 Bxe2 22. Qxd8 Raxd8 23. Re1 Nb3 24. Bg5 Nxa1 25. Bxd8 Rxd8 26. Rxa1 Rd2 27. b4 Bd3 28. Rd1 Rxd1+ 29. Nxd1 Kf8 30. Kf2 Ke7 31. Ke3 Bf1 32. g3 Kd6 33. Kd4 f5 34. h4 h6 35. Ne3 Be2 36. Nd5 g5 37. hxg5 hxg5 38. Nc3 Bb5 39. Nd1 Ke6 40. Nf2 Bf1 41. Nd1 Bg2 42. Nc3 Bc6 43. Ne2 Kd6 44. Ng1 f4 45. gxf4 gxf4 46. Nh3 f3 47. Nf2 Ke6 48. Nd3 Bb5 49. Nf2 Kf5 50. Ne4 Kf4 51. Nf2 Be2 52. Ne4 Kf5 53. Nf2 Bb5 54. Ne4 Bc6 55. Nf2 Ke6 56. Nd3 Kd6 57. Nf2 Bd5 58. Nd3 Kc6 59. Nf2 Be6 60. Nd1 Kb5 61. Kc3 Ka4 62. Nf2 Ka3 63. Nd1 Ka2 64. Nf2 Kb1 65. Nd3 Bf5 66. Nf2 Kc1 67. Kd4 Kd2 68. Nh1 Bg6 69. Ng3 f2 70. Nf1+ Ke1 71. Ng3 Be8 72. Kc5 Bc6 73. Kb6 f1Q 74. Nxf1 Kxf1 0-1

[Event "GRE Master-ch op 1st"]
[Site "Greece"]
[Date "2000.??.??"]
[Round "4.2"]
[White "Tsekouras, Theodoros"]
[Black "Trikaliotis, Georgios"]
[Result "0-1"]
[WhiteElo "2192"]
[BlackElo "2197"]
[PlyCount "80"]
[EventDate "2000.??.??"]
[EventType "swiss"]
[EventRounds "9"]
[EventCountry "GRE"]
[SourceTitle "EXT 2004"]
[Source "ChessBase"]
[SourceDate "2003.11.25"]
[SourceVersion "1"]
[SourceVersionDate "2003.11.25"]
[SourceQuality "1"]

1. e4 c6 2. d4 d5 3. Nc3 g6 4. Nf3 Bg7 5. h3 Nh6 6. Be2 f6 7. 0-0 0-0 8. Bf4 Nf7 9. exd5 cxd5 10. Bh2 Nc6 11. Re1 a6 12. a4 Nb4 13. Na2 Nxa2 14. Rxa2 e5 15. dxe5 fxe5 16. c4 d4 17. Bd3 Re8 18. b3 Bd7 19. Rae2 Qa5 20. Nd2 Rad8 21. Ne4 Bc6 22. Qb1 Qb4 23. Bg3 Re6 24. f4 exf4 25. Bxf4 Kf8 26. Bd2 Qb6 27. a5 Qc7 28. Nc5 Rxe2 29. Rxe2 Bd7 30. Bb4 Kg8 31. Ne6 Bxe6 32. Rxe6 Qg3 33. Be1 Qf4 34. Re4 Qc7 35. Bh4 g5 36. Bf2 Ne5 37. Kh1 Qxa5 38. Bxd4 Nxd3 39. Qxd3 Rxd4 40. Rxd4 Qa1+ 0-1

[Event "Ikaros 1st"]
[Site "Ikaros"]
[Date "1997.??.??"]
[Round "?"]
[White "Kalesis, Nikolaos"]
[Black "Trikaliotis, Georgios"]
[Result "1/2-1/2"]
[WhiteElo "2395"]
[BlackElo "2235"]
[PlyCount "135"]
[EventDate "1997.??.??"]
[EventType "tourn"]
[EventRounds "13"]
[EventCountry "GRE"]
[EventCategory "2"]
[SourceTitle "EXT 2003"]
[Source "ChessBase"]
[SourceDate "2002.11.25"]
[SourceVersion "1"]
[SourceVersionDate "2002.11.25"]
[SourceQuality "1"]

1. d4 d5 2. c4 c6 3. Nc3 Nf6 4. Bg5 Nbd7 5. e3 e6 6. cxd5 exd5 7. Bd3 Bd6 8. Qc2 Nf8 9. Nge2 Ng6 10. Ng3 h6 11. Bxf6 Qxf6 12. Nh5 Qg5 13. Nxg7+ Kf8 14. Nf5 Bxf5 15. Bxf5 Qxg2 16. 0-0-0 Nh4 17. Bd3 Re8 18. Kb1 Rg8 19. e4 Nf3 20. Qc1 Qg5 21. e5 Qxc1+ 22. Kxc1 Bb4 23. Be2 Nh4 24. Rhg1 Ke7 25. a3 Ba5 26. Bg4 Rg7 27. Rg3 Reg8 28. Bh3 Rxg3 29. hxg3 Nf3 30. Ne2 Bb6 31. Bg2 Nh4 32. Bh3 Nf3 33. Rd3 Ng5 34. Bg2 Ne6 35. f4 f5 36. b4 a6 37. Kc2 h5 38. Bh3 Rf8 39. Kc3 a5 40. Rd1 Ng7 41. Bg2 axb4+ 42. axb4 Ra8 43. Kb3 Ke6 44. Bf3 Ke7 45. Rh1 Rh8 46. Rh4 Ne6 47. Kc3 Ra8 48. Kb3 Nxd4+ 49. Nxd4 Bxd4 50. Rxh5 Rg8 51. Rh7+ Kd8 52. Be2 Rxg3+ 53. Kc2 Re3 54. Bd3 Rf3 55. Rh4 Rf2+ 56. Kb3 Rf3 57. Kc2 Rf2+ 58. Kb1 Rb2+ 59. Kc1 Rxb4 60. Rh8+ Kc7 61. Rh7+ Kb6 62. e6 Bc5 63. e7 Bxe7 64. Rxe7 Rxf4 65. Kd2 c5 66. Re5 d4 67. Bxf5 Kb5 68. Be6 1/2-1/2

[Event "Ano Liosia op"]
[Site "Athens"]
[Date "1997.??.??"]
[Round "9"]
[White "Trikaliotis, Georgios"]
[Black "Aghamaliyev, Cemil"]
[Result "0-1"]
[WhiteElo "2235"]
[BlackElo "2475"]
[PlyCount "82"]
[EventDate "1997.01.??"]
[EventType "swiss"]
[EventRounds "9"]
[EventCountry "GRE"]
[SourceTitle "EXT 1998"]
[Source "ChessBase"]
[SourceDate "1997.11.17"]
[SourceVersion "1"]
[SourceVersionDate "1997.11.17"]
[SourceQuality "1"]

1. d4 Nf6 2. Nf3 g6 3. c4 Bg7 4. Nc3 0-0 5. Bg5 d6 6. e3 Nbd7 7. Be2 e5 8. Qc2 c6 9. 0-0 Qe7 10. Rfd1 h6 11. Bxf6 Nxf6 12. b4 Bf5 13. Qb3 Ne4 14. Rac1 Rfe8 15. d5 Nxc3 16. Qxc3 cxd5 17. cxd5 Rec8 18. Qa3 Bc2 19. Rd2 Be4 20. Ne1 Rxc1 21. Qxc1 Qd8 22. Bd3 Rc8 23. Qb1 Bxd3 24. Qxd3 Rc1 25. Kf1 Qh4 26. Rc2 Rxc2 27. Nxc2 Qxh2 28. g3 Qh1+ 29. Ke2 e4 30. Qc4 Qf3+ 31. Ke1 h5 32. a4 Kh7 33. b5 g5 34. Kf1 h4 35. gxh4 gxh4 36. Ne1 Qh3+ 37. Ke2 Qg4+ 38. Kd2 h3 39. f3 Qh4 40. Qf1 h2 41. Qh1 Qf2+ 0-1

[Event "Athens Akropolis op"]
[Site "Athens"]
[Date "1997.??.??"]
[Round "8"]
[White "Trikaliotis, Georgios"]
[Black "Conquest, Stuart"]
[Result "0-1"]
[WhiteElo "2220"]
[BlackElo "2500"]
[PlyCount "82"]
[EventDate "1997.??.??"]
[EventType "swiss"]
[EventRounds "9"]
[EventCountry "GRE"]
[SourceTitle "EXT 2001"]
[Source "ChessBase"]
[SourceDate "2000.11.22"]
[SourceVersion "1"]
[SourceVersionDate "2000.11.22"]
[SourceQuality "1"]

1. d4 Nf6 2. Nf3 d6 3. c4 g6 4. Nc3 Bg7 5. e3 0-0 6. Be2 Nbd7 7. 0-0 e5 8. Qc2 Re8 9. Rd1 e4 10. Nd2 Qe7 11. b3 Nf8 12. Nd5 Nxd5 13. cxd5 Bf5 14. Nc4 h5 15. b4 Nh7 16. Bb2 h4 17. h3 Nf6 18. Na5 Rab8 19. Qb3 g5 20. Kh2 g4 21. Rh1 gxh3 22. gxh3 Kh8 23. Rag1 Bh6 24. Qc4 Qd7 25. Bf1 Nh7 26. Bg2 Ng5 27. Qe2 f6 28. Qh5 Qh7 29. Rc1 Nxh3 30. Qe2 Ng5 31. Rhg1 Rg8 32. Bh1 Rg7 33. Nc4 Qg6 34. Nd2 Qf7 35. f4 exf3 36. Bxf3 Rbg8 37. Rcf1 Nh3 38. Rg2 Rg3 39. Rxg3 hxg3+ 40. Kg2 Nf2 41. Kg1 Bd3 0-1

[Event "Ano Liosia op"]
[Site "Athens"]
[Date "1997.??.??"]
[Round "5"]
[White "Trikaliotis, Georgios"]
[Black "Luther, Thomas"]
[Result "0-1"]
[WhiteElo "2235"]
[BlackElo "2520"]
[PlyCount "72"]
[EventDate "1997.01.??"]
[EventType "swiss"]
[EventRounds "9"]
[EventCountry "GRE"]
[SourceTitle "EXT 1998"]
[Source "ChessBase"]
[SourceDate "1997.11.17"]
[SourceVersion "1"]
[SourceVersionDate "1997.11.17"]
[SourceQuality "1"]

1. d4 e6 2. Nf3 d5 3. c4 Nf6 4. Nc3 c6 5. cxd5 exd5 6. Bg5 h6 7. Bh4 Bf5 8. Qb3 g5 9. Bg3 Qb6 10. Nd2 Nbd7 11. e3 Nh5 12. Be2 Nxg3 13. hxg3 0-0-0 14. Rc1 Kb8 15. a3 Bd6 16. Qa2 h5 17. b4 a6 18. Nb3 Rc8 19. Na5 Qd8 20. Kd2 Nf6 21. Qb3 Qe7 22. Na4 h4 23. gxh4 Ne4+ 24. Ke1 Rxh4 25. Rxh4 gxh4 26. Nc5 h3 27. gxh3 Qg5 28. Nxe4 Bxe4 29. Bf1 Qg1 30. Qd1 f5 31. Qe2 Rc7 32. Kd2 f4 33. Qh5 Qxf2+ 34. Qe2 fxe3+ 35. Kc3 Rf7 36. Qh5 Qd2+ 0-1

[Event "Ikaros 1st"]
[Site "Ikaros"]
[Date "1997.??.??"]
[Round "?"]
[White "Trikaliotis, Georgios"]
[Black "Palamidas, Evangelos"]
[Result "0-1"]
[WhiteElo "2235"]
[BlackElo "2150"]
[PlyCount "114"]
[EventDate "1997.??.??"]
[EventType "tourn"]
[EventRounds "13"]
[EventCountry "GRE"]
[EventCategory "2"]
[SourceTitle "EXT 2003"]
[Source "ChessBase"]
[SourceDate "2002.11.25"]
[SourceVersion "1"]
[SourceVersionDate "2002.11.25"]
[SourceQuality "1"]

1. d4 Nf6 2. Nc3 d5 3. Bg5 Nbd7 4. e3 g6 5. f4 Bg7 6. Nf3 0-0 7. Be2 c6 8. 0-0 Ne8 9. e4 dxe4 10. Nxe4 Ndf6 11. Nf2 Nd6 12. Bxf6 Bxf6 13. c3 Qb6 14. Qd2 Bf5 15. Ne5 Rad8 16. g4 Be6 17. b4 a5 18. a3 Bg7 19. Qe3 axb4 20. axb4 Bd5 21. Bd3 f6 22. Nf3 Bxf3 23. Qxf3 e5 24. Rfb1 exd4 25. c4 Qc7 26. c5 Nf7 27. Bc4 Bh6 28. Nd3 Rfe8 29. Re1 Kh8 30. h4 Bg7 31. b5 cxb5 32. Bxb5 Re3 33. Rxe3 dxe3 34. Qxe3 f5 35. Ra4 fxg4 36. Re4 Bf6 37. Re8+ Kg7 38. Kg2 Rxe8 39. Qxe8 Qe7 40. Qxe7 Bxe7 41. Bd7 h5 42. Bc8 Nd8 43. Kg3 Kf6 44. Ne5 Ne6 45. Bxb7 Nxc5 46. Bd5 Bd6 47. Nxg4+ hxg4 48. Kxg4 Nd3 49. Bc6 Nxf4 50. Be4 Nh5 51. Bc2 Kg7 52. Ba4 Bb4 53. Bc6 Kf6 54. Ba4 Be1 55. Bc2 Ng7 56. Kh3 Nf5 57. h5 g5 0-1

[Event "Ikaros 1st"]
[Site "Ikaros"]
[Date "1997.??.??"]
[Round "?"]
[White "Trikaliotis, Georgios"]
[Black "Simeonidis, Ioannis"]
[Result "0-1"]
[WhiteElo "2235"]
[BlackElo "2260"]
[PlyCount "80"]
[EventDate "1997.??.??"]
[EventType "tourn"]
[EventRounds "13"]
[EventCountry "GRE"]
[EventCategory "2"]
[SourceTitle "EXT 2003"]
[Source "ChessBase"]
[SourceDate "2002.11.25"]
[SourceVersion "1"]
[SourceVersionDate "2002.11.25"]
[SourceQuality "1"]

1. d4 Nf6 2. c4 g6 3. Nc3 Bg7 4. e4 d6 5. Be2 0-0 6. Bg5 Na6 7. g4 c5 8. d5 e6 9. f3 exd5 10. cxd5 Rb8 11. Qd2 Nc7 12. a4 a6 13. Nh3 h6 14. Be3 h5 15. Nf2 hxg4 16. fxg4 b5 17. axb5 axb5 18. e5 b4 19. Na4 Nfxd5 20. exd6 Nxe3 21. dxc7 Ng2+ 22. Kd1 Qxc7 23. Kc1 Rd8 24. Qg5 Bd4 25. Nd1 Bb7 26. Bc4 Be4 27. Rf1 Rd7 28. Ra2 Be5 29. b3 Bf4+ 30. Rxf4 Qxf4+ 31. Qxf4 Nxf4 32. Nxc5 Rd4 33. Ra7 Bd5 34. Nd7 Ra8 35. Nf6+ Kg7 36. Rxa8 Bxa8 37. Ne8+ Kf8 38. Nc7 Bd5 39. Nb5 Re4 40. Nd6 Re6 0-1

[Event "Athens Akropolis op"]
[Site "Athens"]
[Date "1997.??.??"]
[Round "5"]
[White "Vasovski, Nikola"]
[Black "Trikaliotis, Georgios"]
[Result "1-0"]
[WhiteElo "2345"]
[BlackElo "2235"]
[PlyCount "111"]
[EventDate "1997.??.??"]
[EventType "swiss"]
[EventRounds "9"]
[EventCountry "GRE"]
[SourceTitle "EXT 2001"]
[Source "ChessBase"]
[SourceDate "2000.11.22"]
[SourceVersion "1"]
[SourceVersionDate "2000.11.22"]
[SourceQuality "1"]

1. c4 d6 2. d4 Nf6 3. Nc3 Nbd7 4. Nf3 e5 5. g3 Be7 6. Bg2 0-0 7. 0-0 c6 8. e4 Qc7 9. h3 Re8 10. Be3 Bf8 11. d5 Nc5 12. Qc2 a5 13. Nd2 Bd7 14. Nb3 Na6 15. Qd2 cxd5 16. Nxd5 Nxd5 17. cxd5 a4 18. Rfc1 Qb8 19. Na5 Nc5 20. Nc4 b5 21. Nxd6 Nb3 22. axb3 Bxd6 23. b4 f5 24. Bc5 Ra6 25. Ra3 fxe4 26. Qe2 Be7 27. h4 Rf6 28. Bxe4 Bd6 29. Qc2 h6 30. Rf3 Ref8 31. Rxf6 Rxf6 32. Bxd6 Rxd6 33. Qc7 Qxc7 34. Rxc7 Kf8 35. Kg2 Ke8 36. Kf3 Kd8 37. Rc3 Ke7 38. Ke3 Rb6 39. f4 Kd6 40. f5 Rb8 41. g4 Rf8 42. Kd2 Rb8 43. g5 hxg5 44. hxg5 Rh8 45. Rf3 Rh2+ 46. Kc3 Ke7 47. f6+ Kf8 48. fxg7+ Kxg7 49. g6 Rh3 50. Rxh3 Bxh3 51. Kd3 Bd7 52. Ke3 Be8 53. Bf5 Kf6 54. d6 Bc6 55. d7 Ke7 56. g7 1-0

[Event "GRE-chT"]
[Site "Athens"]
[Date "1996.??.??"]
[Round "9"]
[White "Trikaliotis, Georgios"]
[Black "Bousios, Hristos"]
[Result "1-0"]
[WhiteElo "2235"]
[BlackElo "2195"]
[PlyCount "69"]
[EventDate "1996.??.??"]
[EventType "team"]
[EventRounds "9"]
[EventCountry "GRE"]
[SourceTitle "CBM 055 Extra"]
[Source "ChessBase"]
[SourceDate "1997.01.01"]
[SourceVersion "1"]
[SourceVersionDate "1997.01.01"]
[SourceQuality "1"]

1. d4 d5 2. Nf3 c5 3. e3 Nf6 4. b3 Nc6 5. Bb2 Bg4 6. Be2 cxd4 7. exd4 Qa5+ 8. Bc3 Qc7 9. 0-0 e6 10. Bb2 Bd6 11. h3 h5 12. Nbd2 0-0-0 13. c4 Kb8 14. cxd5 exd5 15. Rc1 Bxf3 16. Nxf3 Bf4 17. Rc2 Qd6 18. Bb5 Nb4 19. Ba3 Qb6 20. Bxb4 Qxb5 21. Be7 Rc8 22. Rc5 Rxc5 23. dxc5 Ng8 24. Bf8 g5 25. Qd4 f6 26. Qxd5 Qe8 27. Bd6+ Ka8 28. Re1 Qc8 29. Bxf4 gxf4 30. b4 a6 31. a4 Nh6 32. b5 Qf5 33. Qd6 Rc8 34. bxa6 Qxc5 35. axb7+ 1-0

[Event "Ano Liosia op"]
[Site "Ano Liosia"]
[Date "1996.??.??"]
[Round "6"]
[White "Trikaliotis, Georgios"]
[Black "Karkanaque, Ilir"]
[Result "0-1"]
[WhiteElo "2195"]
[BlackElo "2400"]
[PlyCount "60"]
[EventDate "1996.??.??"]
[EventType "swiss"]
[EventRounds "9"]
[EventCountry "GRE"]
[SourceTitle "CBM 051 Extra"]
[Source "ChessBase"]
[SourceDate "1996.05.01"]
[SourceVersion "1"]
[SourceVersionDate "1996.05.01"]
[SourceQuality "1"]

1. d4 Nf6 2. c4 e6 3. Nc3 Bb4 4. Qc2 0-0 5. Nf3 c5 6. dxc5 Na6 7. Bg5 Nxc5 8. Nd2 b6 9. f3 Bb7 10. e4 Bxc3 11. bxc3 e5 12. Be2 Ne6 13. Be3 Qc7 14. g3 Ne8 15. 0-0 Nd6 16. a4 Ba6 17. Qa2 Nb7 18. Rf2 Kh8 19. f4 exf4 20. gxf4 f5 21. exf5 Rxf5 22. Bg4 Nd6 23. Re1 Raf8 24. c5 bxc5 25. Bxf5 Nxf5 26. Nf3 Nxe3 27. Rxe3 Qxf4 28. Qd2 h6 29. Ne5 Qg5+ 30. Rg3 Qxe5 0-1

[Event "Athens M/4"]
[Site "Athens"]
[Date "1994.??.??"]
[Round "?"]
[White "Rama, Lorenc"]
[Black "Trikaliotis, Georgios"]
[Result "1-0"]
[WhiteElo "2345"]
[BlackElo "2265"]
[PlyCount "65"]
[EventDate "1994.??.??"]
[EventType "tourn"]
[EventRounds "9"]
[EventCountry "GRE"]
[EventCategory "3"]
[SourceTitle "EXT 2003"]
[Source "ChessBase"]
[SourceDate "2002.11.25"]
[SourceVersion "1"]
[SourceVersionDate "2002.11.25"]
[SourceQuality "1"]

1. c4 d6 2. Nc3 Nf6 3. g3 e5 4. Bg2 Be7 5. d3 0-0 6. e4 c6 7. Nge2 a6 8. 0-0 b5 9. b3 Bb7 10. d4 exd4 11. Nxd4 b4 12. Na4 Re8 13. Nf5 Bf8 14. Bf4 d5 15. exd5 cxd5 16. Ne3 Ne4 17. Nxd5 Bxd5 18. Qxd5 Qxd5 19. cxd5 Nd7 20. Rac1 g5 21. Be3 f5 22. Bxe4 fxe4 23. Bxg5 Ne5 24. Be3 Rad8 25. Nb6 Rd6 26. Rfe1 Bh6 27. Nc4 Nf3+ 28. Kg2 Rg6 29. d6 Rd8 30. d7 Bxe3 31. Nxe3 Rf6 32. Rc4 Ng5 33. h4 1-0

[Event "Athens M/4"]
[Site "Athens"]
[Date "1994.??.??"]
[Round "?"]
[White "Skalkotas, Nikolaos"]
[Black "Trikaliotis, Georgios"]
[Result "1/2-1/2"]
[WhiteElo "2325"]
[BlackElo "2265"]
[PlyCount "32"]
[EventDate "1994.??.??"]
[EventType "tourn"]
[EventRounds "9"]
[EventCountry "GRE"]
[EventCategory "3"]
[SourceTitle "EXT 2003"]
[Source "ChessBase"]
[SourceDate "2002.11.25"]
[SourceVersion "1"]
[SourceVersionDate "2002.11.25"]
[SourceQuality "1"]

1. Nf3 d5 2. c4 dxc4 3. Na3 Nf6 4. Nxc4 Nbd7 5. g3 b5 6. Ne3 Bb7 7. Bg2 e6 8. 0-0 Be7 9. a4 a6 10. axb5 axb5 11. Rxa8 Qxa8 12. Qb3 Qa6 13. Nd4 Bxg2 14. Kxg2 c6 15. d3 0-0 16. Bd2 c5 1/2-1/2

[Event "Athens M/4"]
[Site "Athens"]
[Date "1994.??.??"]
[Round "?"]
[White "Trikaliotis, Georgios"]
[Black "Cela, Altin"]
[Result "1-0"]
[WhiteElo "2265"]
[BlackElo "2275"]
[PlyCount "55"]
[EventDate "1994.??.??"]
[EventType "tourn"]
[EventRounds "9"]
[EventCountry "GRE"]
[EventCategory "3"]
[SourceTitle "EXT 2003"]
[Source "ChessBase"]
[SourceDate "2002.11.25"]
[SourceVersion "1"]
[SourceVersionDate "2002.11.25"]
[SourceQuality "1"]

1. d4 Nf6 2. Nf3 g6 3. Bg5 Ne4 4. Bf4 c5 5. Nbd2 d5 6. c3 Nc6 7. e3 Bg7 8. Nxe4 dxe4 9. Nd2 cxd4 10. cxd4 Qa5 11. a3 0-0 12. b4 Qf5 13. Bg3 Rd8 14. Bc4 b5 15. Bb3 e5 16. Rc1 Bb7 17. d5 Nb8 18. Rc5 Nd7 19. Rc7 Rab8 20. f3 Nf6 21. fxe4 Qg5 22. 0-0 Rdc8 23. d6 Rf8 24. Qe1 Bh6 25. Rf3 Nxe4 26. Bh4 Qh5 27. Rcxf7 Rxf7 28. Rxf7 1-0

[Event "Athens op"]
[Site "Athens"]
[Date "1994.??.??"]
[Round "?"]
[White "Tzermiadianos, Andreas"]
[Black "Trikaliotis, Georgios"]
[Result "1-0"]
[WhiteElo "2350"]
[BlackElo "2265"]
[PlyCount "48"]
[EventDate "1994.??.??"]
[EventType "swiss"]
[EventRounds "9"]
[EventCountry "GRE"]
[SourceTitle "EXT 2003"]
[Source "ChessBase"]
[SourceDate "2002.11.25"]
[SourceVersion "1"]
[SourceVersionDate "2002.11.25"]
[SourceQuality "1"]

1. e4 c5 2. c3 e6 3. d4 d5 4. exd5 Qxd5 5. Nf3 Nf6 6. Be3 cxd4 7. cxd4 Bb4+ 8. Nc3 0-0 9. Bd3 Qh5 10. 0-0 Nc6 11. Rc1 Bd7 12. Ne2 Bd6 13. Nf4 Qa5 14. a3 e5 15. dxe5 Nxe5 16. Be2 Be7 17. Bd4 Ba4 18. b3 Nxf3+ 19. Bxf3 Bb5 20. Re1 Rfe8 21. Rxe7 Rxe7 22. Bxf6 gxf6 23. Nd5 Re6 24. Nc7 Re5 1-0

[Event "Athens"]
[Site "Athens"]
[Date "1993.??.??"]
[Round "?"]
[White "Trikaliotis, Georgios"]
[Black "Perifanis, Georgios"]
[Result "1-0"]
[WhiteElo "2265"]
[BlackElo "2260"]
[PlyCount "49"]
[EventDate "1993.??.??"]
[EventType "tourn"]
[EventRounds "9"]
[EventCountry "GRE"]
[SourceTitle "EXT 2006"]
[Source "ChessBase"]
[SourceDate "2005.11.24"]
[SourceVersion "1"]
[SourceVersionDate "2005.11.24"]
[SourceQuality "1"]

1. d4 d5 2. c4 e6 3. Nc3 f5 4. Nf3 Nf6 5. Bf4 Bd6 6. Be5 c6 7. e3 0-0 8. h3 Qc7 9. Bd3 Ne4 10. Qb3 Nd7 11. cxd5 exd5 12. Bxe4 fxe4 13. Nxd5 cxd5 14. Qxd5+ Rf7 15. Bxd6 Nb6 16. Qe5 Qc6 17. Nd2 Rf5 18. Qg3 Be6 19. Be5 g6 20. 0-0 Bc4 21. Rfc1 Qd5 22. Qh4 Raf8 23. Nxe4 Nd7 24. Ng5 h5 25. e4 1-0

[Event "Athens op"]
[Site "Athens"]
[Date "1993.??.??"]
[Round "3"]
[White "Trikaliotis, Georgios"]
[Black "Stefansson, Hannes"]
[Result "0-1"]
[WhiteElo "2270"]
[BlackElo "2500"]
[PlyCount "76"]
[EventDate "1993.07.??"]
[EventType "swiss"]
[EventRounds "9"]
[EventCountry "GRE"]
[SourceTitle "TD"]
[Source "ChessBase"]
[SourceDate "1994.03.01"]
[SourceVersion "1"]
[SourceVersionDate "1994.03.01"]
[SourceQuality "1"]

1. d4 d5 2. Nf3 Nf6 3. e3 g6 4. Bd3 Bg7 5. 0-0 0-0 6. Nbd2 c5 7. b3 Qc7 8. Bb2 Nc6 9. c4 cxd4 10. Nxd4 dxc4 11. Nxc4 Nxd4 12. exd4 Ng4 13. g3 Nf6 14. Re1 Bh3 15. Ne5 Rad8 16. Qf3 Be6 17. Bc4 Bxc4 18. Nxc4 Nd5 19. Rac1 Qb8 20. a4 Bf6 21. Ne5 Kg7 22. Ng4 Qd6 23. Nxf6 Qxf6 24. Qe2 Rd7 25. Rc5 Rfd8 26. a5 Rd6 27. Kg2 b6 28. axb6 Rxb6 29. Qc4 Rb4 30. Qc2 Qb6 31. Bc1 Rxb3 32. Qd2 Kg8 33. Qg5 Qb7 34. Kg1 Rb1 35. Qe5 Nb4 36. Rb5 Qd7 37. Bd2 Rxe1+ 38. Bxe1 Nd3 0-1

[Event "Peristeri"]
[Site "Peristeri"]
[Date "1992.??.??"]
[Round "5"]
[White "Eglezos, Haralambos"]
[Black "Trikaliotis, Georgios"]
[Result "0-1"]
[WhiteElo "2310"]
[BlackElo "2240"]
[PlyCount "88"]
[EventDate "1992.??.??"]
[EventType "tourn"]
[EventRounds "9"]
[EventCountry "GRE"]
[SourceTitle "EXT 1998"]
[Source "ChessBase"]
[SourceDate "1997.11.17"]
[SourceVersion "1"]
[SourceVersionDate "1997.11.17"]
[SourceQuality "1"]

1. e4 d5 2. exd5 Nf6 3. d4 Nxd5 4. c4 Nb6 5. Nf3 Bg4 6. Be2 e6 7. 0-0 Nc6 8. Be3 Be7 9. Nbd2 0-0 10. a3 Bf6 11. Ne4 Bxf3 12. Bxf3 Bxd4 13. Qe2 Bxe3 14. fxe3 Qe7 15. Rac1 Ne5 16. c5 Nd5 17. b4 f5 18. Nd2 c6 19. Nc4 Nxc4 20. Rxc4 Rad8 21. g3 Qg5 22. Re1 Qf6 23. e4 Nc3 24. Qe3 Nb5 25. a4 Nc7 26. e5 Qe7 27. Qe2 Rd7 28. Rc2 Rfd8 29. b5 Nd5 30. Qc4 a5 31. bxc6 bxc6 32. Bxd5 Rxd5 33. Qa6 Rxc5 34. Rec1 Rxe5 35. Rxc6 Qg5 36. R6c3 Qd2 37. Qf1 Re2 38. Qf3 Re1+ 39. Rxe1 Qxe1+ 40. Kg2 Qd2+ 41. Kh3 g5 42. g4 fxg4+ 43. Kxg4 Rd4+ 44. Kg3 Qe1+ 0-1